Capitales avec la même première et dernière lettre - Statistiques

Statistiques générales
  • Ce quiz a été pris 61 fois
  • Le résultat moyen est 8 sur 11
Statistiques - réponses
Pays Capitale % Correct
Turquie Ankara
96%
Norvège Oslo
96%
Ghana Accra
86%
Kazakhstan Astana / Noursoultan
84%
Éthiopie Addis-Abeba
80%
Nigeria Abuja
78%
Ouzbékistan Tachkent
66%
Érythrée Asmara
62%
Samoa Apia
56%
Antigua-et-Barbuda Saint-John's
44%
Grenade Saint-Georges
42%
Aucun quiz correspondant
Distribution des résultats
% des personnes avec chaque résultat
Percentile par nombre de réponses
Votre historique - résultats
Vous n’avez pas pris ce quiz